Maiores campeões estaduais em seus respectivos estados - Statistics

Estatísticas Gerais
  • Esse quiz foi jogado 180 vezes
    89 desde o último reset
  • A pontuação média é 19 de 27
Estatísticas das Respostas
Estadual Maior Campeão % Correto
Carioca Flamengo
97%
Mineiro Atlético Mineiro
94%
Paulista Corinthians
94%
Gaúcho Internacional
93%
Baiano Bahia
91%
Paranaense Coritiba
91%
Pernambucano Sport
89%
Cearense Ceará
87%
Goiano Goiás
87%
Alagoano CSA
86%
Paraense Paysandu
80%
Catarinense Figueirense
76%
Acreano Rio Branco (AC)
73%
Capixaba Rio Branco (ES)
73%
Potiguar ABC
67%
Paraibano Botafogo (PB)
66%
Maranhense Sampaio Corrêa
66%
Brasiliense (DF) GAMA
64%
Sul-Mato-Grossense Operário FC
60%
Sergipano Sergipe
54%
Mato-Grossense Mixto
51%
Amazonense Nacional
47%
Piuaiense River
46%
Amapaense E.C Macapá
41%
Tocantinense Palmas
41%
Roraimense Baré
24%
Rondoniense Ji-Paraná
23%
Nenhum quiz correspondente encontrado
Distribuição das Pontuações
Porcentagem de Pessoas com Cada Pontuação
Percentil de Números Respondidos
Sua Pontuação Histórica
Você não jogou esse quiz desde o último reset